|
|
|
|
| LEADER |
01482cam a2200325 a 4500 |
| 001 |
c000282838 |
| 003 |
CARM |
| 005 |
20080613130043.0 |
| 008 |
851120s1984 xna b 000 0 eng d |
| 019 |
1 |
|
|a 22073320
|z 3366071
|z 21926762
|5 LACONCORD2021
|
| 020 |
|
|
|a 0949347019 (pbk.) :
|c $4.50 Aust
|
| 035 |
|
|
|a (OCoLC)12286332
|5 LACONCORD2021
|
| 040 |
|
|
|a ANL
|c ANL
|d ANL
|
| 042 |
|
|
|a anuc
|
| 043 |
|
|
|a u-at---
|
| 082 |
0 |
4 |
|a 377/.072094
|2 19
|
| 100 |
1 |
|
|a Rossiter, Graham M.
|
| 245 |
1 |
2 |
|a A review of Australian research related to religious education in schools /
|c by G.M. Rossiter.
|
| 260 |
|
|
|a Leichhardt, N.S.W. :
|b National Catholic Research Council,
|c 1984.
|
| 300 |
|
|
|a 72 p. ;
|c 30 cm.
|
| 500 |
|
|
|a "This review is part of a larger study of religious education completed at Macquarie University, N.S.W. in 1983".
|
| 500 |
|
|
|a Available from The Province Resource Group, Christian Brothers, 179 Albert Road, Strathfield, N.S.W. 2135.
|
| 504 |
|
|
|a Bibliography: p. 46-72.
|
| 650 |
|
0 |
|a Religious education
|x Research
|z Australia.
|
| 650 |
|
0 |
|a Religious education in the public schools
|x Research
|z Australia.
|
| 650 |
|
0 |
|a Religious education
|z Australia
|x Bibliography.
|
| 710 |
2 |
|
|a National Catholic Research Council (Australia)
|
| 852 |
8 |
|
|b CARM
|h A2:AG32D0
|i F04129
|p 0510965
|f BK
|
| 999 |
f |
f |
|i 2d59fb2c-db0b-54bd-89e2-357c20b326ff
|s 5d17ddbb-b134-59b6-8ab6-08717b76ed7d
|
| 952 |
f |
f |
|p Can circulate
|a CAVAL
|b CAVAL
|c CAVAL
|d CARM 1 Store
|e F04129
|f A2:AG32D0
|h Other scheme
|i book
|m 0510965
|